00912nam a2200253Ia 450000500170000000800410001702000150005810000290007324501080010225000190021030000420022965000520027165000500032365000370037370000590041094200150046926400250048433600270050933700330053633800280056904000350059708400110063299900150064320220317000708.0160601s2003 sp a g 000 0 spa  a84348927901 aPittau, Francescod1956-13aEl colegio ctexto e ilustraciones Francesco Pittau, Bernadette Gervais ; traducción Teresa Tellechea a1a. edición  a14 páginas bilustraciones c28 cm 142LEMBaÁlbumes infantiles italianos ySiglo XX142LEMBaLiteratura infantil italiana ySiglo XX142LEMBaEscuelas en la literatura 1 aGervais, Bernadette;1\aTellechea, Teresa,etr.952860 2loccBKINF aMadrid bS. M.c2003 atextobtxt2rdacontent asin mediaciónbn2rdamedia avolumenbnc2rdacarrier aCO-BoRNBPbspaerdacCO-BoRNBP aA PIT3 c4801d4801